000 01072nam a2200217Ia 4500
003 Ost
005 20260507075309.0
008 260507s9999||||xx |||||||||||||| ||und||
040 _cfsecg
041 _aara
082 _a330
100 _aالصبان، محمد سمير
_eمؤلف
245 0 _aمبادئ المحاسبة المالية /
_c محمد سمير الصبان
260 _aالاسكندرية:
_bالمكتب الجامعي الحديث,
_c2006
300 _a404 صفحة؛
_bإيضاحات ؛
_c24 سم
520 _aالمحاسبة عن عمليات المشروع الصناعي الجرد و التسويات الجردية للاصول الثابتة ، جرد و تقييم المخزون السلعي ، العملاء ، اليوميات الخاصة و الحسابات المساعدة الاجمالية و أخيرا تحليل القوائم المالية باستخدام النسب.
653 _aالمالية
653 _aالمحاسبة
700 _aبدوي، محمد عباس
_eمؤلف ثانوي
942 _cكتاب
999 _c43842
_d43842